[Event "1.FrauenBL 2016-17"]
[Site "Berlin"]
[Date "2017.04.29"]
[Round "10.1"]
[White "Zahn, Alina"]
[Black "Duessler, Stefanie"]
[Result "0-1"]
[WhiteElo "2020"]
[BlackElo "2086"]
[Annotator "NA"]
[PlyCount "88"]
[EventDate "2017.??.??"]
[EventType "team-tourn"]
[EventCountry "GER"]
[SourceTitle "playchess.com"]
[Source "ChessBase"]
[SourceQuality "1"]
[WhiteTeam "Hamburger SK"]
[BlackTeam "SK Lehrte"]
[TimeControl "40/6000+30:3000+30"]

1. e4 {[%emt 1:30:27]} c5 {[%emt 1:30:27]} 2. Ne2 {[%emt 1:30:27]} e6 {[%emt 1:30:47]} 3. g3 {[%emt 1:30:53]} Nc6 {[%emt 1:31:21]} 4. Nbc3 {[%emt 1:30:08]} g6 {[%emt 1:30:08]} 5. Bg2 {[%emt 1:28:20]} Bg7 {[%emt 1:24:07]} 6. O-O {[%emt 1:24:07]} Nge7 {[%emt 1:24:29]} 7. d3 {[%emt 1:24:29]} O-O {[%emt 1:24:39]} 8. Be3 {[%emt 1:22:36]} Nd4 {[%emt 1:21:46]} 9. Qd2 {[%emt 1:21:46]} d6 {[%emt 1:20:59]} 10. Nd1 {[%emt 1:08:06]} Nxe2+ {[%emt 1:19:32]} 11. Qxe2 {[%emt 1:08:28]} Rb8 {[%emt 1:19:05]} 12. c3 {[%emt 1:05:08]} e5 {[%emt 1:16:51]} 13. f4 {[%emt 0:56:02]} Qc7 {[%emt 1:14:37]} 14. Nf2 {[%emt 0:53:33]} b5 {[%emt 1:12:27]} 15. fxe5 {[%emt 0:50:56]} dxe5 {[%emt 1:05:37]} 16. Ng4 {[%emt 1:05:37]} f5 {[%emt 0:58:20]} 17. Nh6+ {[%emt 0:58:20]} Kh8 $11 {[%emt 0:57:35]} 18. Bg5 {[%emt 0:38:46]} Rb6 {[%emt 0:36:31]} 19. Rf2 {[%emt 0:34:14]} Be6 {[%emt 0:34:14]} 20. Raf1 {[%emt 0:22:21]} c4 {[%emt 0:16:05]} 21. Rd1 {[%emt 0:16:05]} Rd6 {[%emt 0:13:05]} 22. b3 {[%emt 0:17:52]} Ng8 {[%emt 0:17:52]} 23. Nxg8 {[%emt 0:16:25]} Bxg8 {[%emt 0:12:15]} 24. bxc4 {[%emt 0:10:33]} Ra6 {[%emt 0:09:39]} 25. exf5 {[%emt 0:08:53]} gxf5 {[%emt 0:08:48]} 26. Rdf1 {[%emt 0:08:48]} bxc4 {[%emt 0:08:45]} 27. Rxf5 {[%emt 0:05:42]} Rxf5 {[%emt 0:09:14]} 28. Rxf5 {[%emt 0:05:58]} cxd3 {[%emt 0:09:40]} 29. Qxd3 {[%emt 0:05:44]} Rxa2 {[%emt 0:10:07]} 30. Be3 {[%emt 0:10:07]} Ra3 {[%emt 0:02:41]} 31. Bd2 {[%emt 0:00:58]} Qc5+ {[%emt 0:00:58]} 32. Be3 {[%emt 0:00:44]} Qc7 {[%emt 0:05:46]} 33. Bd2 {[%emt 0:01:10]} a5 {[%emt 0:03:44]} 34. Rf2 {[%emt 0:03:44]} Ra1+ {[%emt 0:02:48]} 35. Bf1 {[%emt 0:01:00]} a4 {[%emt 0:02:22]} 36. Be3 {[%emt 0:00:41]} Ra3 {[%emt 0:02:02]} 37. Bd2 {[%emt 0:00:45]} Rb3 {[%emt 0:02:22]} 38. Qe4 {[%emt 0:00:36]} a3 {[%emt 0:02:15]} 39. Bg5 {[%emt 0:02:15]} Qxc3 {[%emt 0:01:28]} 40. Qa8 {[%emt 0:00:43]} Qc5 {[%emt 0:01:27]} 41. Qd8 {[%emt 0:11:33]} Rb2 {[%emt 0:31:04]} 42. Qf6 {[%emt 0:11:19]} Qxf2+ {[%emt 0:31:23]} 43. Qxf2 {[%emt 0:31:23]} Rxf2 {[%emt 0:31:46]} 44. Kxf2 {[%emt 0:12:10]} a2 {[%emt 0:31:47]} 0-1

[Event "1.FrauenBL 2016-17"]
[Site "Berlin"]
[Date "2017.04.29"]
[Round "10.2"]
[White "Mkrtchian, Lilit"]
[Black "Houska, Jovanka"]
[Result "0-1"]
[WhiteElo "2425"]
[BlackElo "2397"]
[Annotator "TA"]
[PlyCount "122"]
[EventDate "2017.??.??"]
[EventType "team-tourn"]
[EventCountry "GER"]
[SourceTitle "playchess.com"]
[Source "ChessBase"]
[SourceQuality "1"]
[WhiteTeam "SC Bad Königshofen"]
[BlackTeam "Karlsruher SF"]

{[%evp 17,122,0,0,0,0,0,0,0,0,-9,0,0,0,-21,-12,-22,0,0,0,0,0,-77,-71,-76,-72,-68,-44,-52,-35,-50,-50,-63,-58,-112,-105,-114,-110,-135,-130,-142,-120,-239,-170,-170,-158,-159,-149,-164,-132,-179,-179,-172,-175,-171,-160,-173,-171,-176,-141,-159,-157,-215,-187,-222,-226,-323,-164,-273,-306,-461,-316,-589,-569,-541,-408,-537,-530,-499,-394,-467,-403,-384,-372,-572,-554,-719,-609,-654,-646,-628,-500,-531,-530,-524,-522,-515,-501,-711,-697,-685,-704,-681,-681,-686,-691,-691,-664]} 1. Nf3 d5 2. g3 Bg4 3. Bg2 c6 4. c4 e6 5. cxd5 Bxf3 6. Bxf3 cxd5 7. O-O Nf6 8. d3 Nc6 9. Nc3 Be7 10. a3 {A11: English Opening: 1...c6} (10. d4 O-O 11. e3 Rc8 12. Bd2 Nd7 13. Qe2 Nb6 14. Rfd1 Qd7 15. Be1 Rfd8 16. Rac1 a6 17. Bg2 Rc7 18. h4 h6 19. Qc2 {½-½ (19) Cordova,E (2655)-Matlakov,M (2701) Moscow 2017}) 10... Rc8 11. Bd2 O-O 12. Bg2 {The position is equal.} Qd7 13. b4 h6 $146 (13... Nd4 14. e3 Nb5 15. Ne2 e5 16. Qb3 {1-0 (36) Moser,E (2440)-Levushkina,E (2318) Germany 2015}) 14. Rc1 Rfd8 15. b5 Nd4 16. a4 Ba3 17. Rb1 Nf5 18. Na2 Bc5 19. e3 (19. Bc3 $11) 19... d4 $1 $36 {[%cal Rd4e3][%mdl 2048] Keeping White busy.} 20. exd4 ({Don't go for} 20. e4 $2 Ne3 $1 {[%mdl 512]} 21. Qe2 (21. fxe3 $2 dxe3 22. Kh1 exd2 $19) 21... Nxf1 22. Qxf1 Bd6 $19) 20... Nxd4 21. Nc1 Nd5 22. Nb3 Nxb3 23. Rxb3 Bd4 24. Qg4 Nf6 25. Qf3 (25. Qd1 $15) 25... Rc2 26. Be3 b6 27. Qd1 Ra2 28. Bc6 Qd6 29. Bd2 (29. Qb1 $17 Rxa4 30. Qc2) 29... Rxa4 30. Qc2 Qc5 31. Qxc5 Bxc5 32. Be3 Bd4 33. Rc1 {[#]} Ng4 $1 {[%cal Rg4e3]} 34. Bxd4 Rdxd4 ({Much less strong is} 34... Raxd4 35. Ra1 $17) 35. Be4 {Rc8+ would kill now.} f5 36. Bf3 Ne5 37. Be2 Nd7 38. Rc8+ Kf7 39. Rc7 (39. Rb2 $17 {was called for.}) 39... Kf6 40. Rbc3 Nc5 41. f4 (41. Rc4 $142) 41... g5 (41... Ra2 $142 42. Bf1 Rb4) 42. fxg5+ (42. Rc4 {was forced.}) 42... hxg5 $19 {[%cal Bh6g5,Bg5g4][%mdl 32]} 43. Kf2 (43. Rc2 $142) 43... g4 44. Rc6 $2 (44. h3) 44... Ra2 45. Ke3 Ke5 46. Rc7 Rb4 47. Rc8 {[#]} Ne4 $1 {[%mdl 512]} 48. R3c6 (48. dxe4 Rxe4+) 48... Nc5 49. Rd8 Ra3 50. Rdd6 (50. Kf2 {might work better.}) 50... Rxb5 {Black is clearly winning.} 51. Kf2 {aiming for d4+.} Rb4 52. Ke3 Re4+ 53. Kf2 Rd4 54. Rxd4 Kxd4 {[%mdl 4096] Endgame KRB-KRN} 55. Rd6+ Ke5 56. Rd8 Kf6 57. d4 Ne4+ 58. Kf1 Ra1+ 59. Kg2 Ra2 60. Kf1 a5 61. Re8 Rc2 0-1

[Event "1.FrauenBL 2016-17"]
[Site "Berlin"]
[Date "2017.04.29"]
[Round "10.2"]
[White "Troyke, Doreen"]
[Black "Brandt, Carina"]
[Result "1/2-1/2"]
[WhiteElo "2091"]
[BlackElo "2045"]
[Annotator "NA"]
[PlyCount "85"]
[EventDate "2017.??.??"]
[EventType "team-tourn"]
[EventCountry "GER"]
[SourceTitle "playchess.com"]
[Source "ChessBase"]
[SourceQuality "1"]
[WhiteTeam "SV Medizin Erfurt"]
[BlackTeam "TuRa Harksheide"]
[TimeControl "40/6000+30:3000+30"]

1. c4 {[%emt 1:30:27]} g6 {[%emt 1:30:21]} 2. g3 {[%emt 1:30:50]} Bg7 {[%emt 1:30:39]} 3. Bg2 {[%emt 1:30:39]} d6 {[%emt 1:30:53]} 4. Nc3 {[%emt 1:31:02]} e5 {[%emt 1:31:15]} 5. e3 {[%emt 1:31:15]} f5 {[%emt 1:31:38]} 6. Nge2 {[%emt 1:31:38]} Nf6 {[%emt 1:31:38]} 7. O-O {[%emt 1:31:11]} O-O {[%emt 1:31:11]} 8. d4 {[%emt 1:29:52]} Nbd7 {[%emt 1:27:18] LiveBook: 5 Games} 9. b3 {[%emt 1:25:48]} c6 {[%emt 1:25:48]} 10. Ba3 {[%emt 1:18:09] A86: Dutch Defence: Leningrad System: Unusual lines and 5 Nh3} Ne8 {[%emt 1:20:38]} 11. dxe5 {[%emt 1:15:55]} Nxe5 {[%emt 1:20:40]} 12. Qd2 {[%emt 1:20:40]} Nf7 $146 {[%emt 1:12:29]} (12... Qa5 13. Bb2 Bd7 14. Rad1 Rd8 15. Qc2 Bc8 16. a3 Qc7 {1-0 (30) Raicevic,M (2372)-Micheli,C (2268) Rogaska Slatina 2012}) 13. Rad1 {[%emt 1:05:35]} Qa5 {[%emt 1:04:13]} 14. Bb2 {[%emt 1:07:32]} Ne5 {[%emt 0:59:27]} 15. f4 {[%emt 0:59:27]} Ng4 {[%emt 0:56:03]} 16. h3 {[%emt 0:48:45]} Ngf6 {[%emt 0:54:04]} 17. Kh2 {[%emt 0:54:04]} Be6 {[%emt 0:51:41]} 18. Nd4 {[%emt 0:43:19]} Bf7 {[%emt 0:50:42]} 19. Rfe1 $14 {[%emt 0:36:30]} Rd8 {[%emt 0:45:48]} 20. Nf3 {[%emt 0:32:53]} Nc7 {[%emt 0:34:30]} 21. e4 {[%emt 0:22:13]} fxe4 {[%emt 0:29:12]} 22. Nxe4 {[%emt 0:22:13]} Qxd2 {[%emt 0:28:39]} 23. Rxd2 {[%emt 0:21:34]} Nxe4 {[%emt 0:21:34]} 24. Rxe4 {[%emt 0:21:39]} Bxb2 {[%emt 0:21:39]} 25. Rxb2 {[%emt 0:22:07]} Rde8 {[%emt 0:24:36]} 26. Rbe2 {[%emt 0:17:29]} d5 {[%emt 0:22:12]} 27. cxd5 {[%emt 0:16:08]} Nxd5 {[%emt 0:16:08]} 28. Rxe8 {[%emt 0:13:13]} Rxe8 {[%emt 0:13:13]} 29. Ne5 {[%emt 0:12:26]} a5 {[%emt 0:19:56]} 30. Rd2 {[%emt 0:19:56]} Be6 {[%emt 0:08:42]} 31. Bf3 {[%emt 0:05:59]} a4 {[%emt 0:15:09]} 32. bxa4 {[%emt 0:02:56]} Ra8 {[%emt 0:02:56]} 33. Rb2 {[%emt 0:03:13]} Rxa4 {[%emt 0:13:36]} 34. Rxb7 {[%emt 0:02:54]} Rxa2+ {[%emt 0:13:51]} 35. Kg1 {[%emt 0:03:15]} Rc2 {[%emt 0:09:17]} 36. h4 {[%emt 0:02:55]} Rc3 {[%emt 0:02:55]} 37. Ra7 {[%emt 0:02:30]} c5 {[%emt 0:02:30]} 38. Ra6 {[%emt 0:02:51]} Bf7 {[%emt 0:03:59]} 39. Ra8+ {[%emt 0:02:14]} Kg7 {[%emt 0:04:16]} 40. Ra7 {[%emt 0:02:28]} Kg8 {[%emt 0:04:20]} 41. Ra8+ {[%emt 0:22:11]} Kg7 {[%emt 0:34:41]} 42. Ra7 {[%emt 0:22:34]} Kg8 {[%emt 0:35:04]} 43. Rd7 {[%emt 0:17:53] Rxg3 0:17:53 Kf2# 0:17:53} 1/2-1/2

[Event "1.FrauenBL 2016-17"]
[Site "Berlin"]
[Date "2017.04.29"]
[Round "10.2"]
[White "Boehm, Jana"]
[Black "Schmidt, Jade"]
[Result "1-0"]
[WhiteElo "1963"]
[BlackElo "2072"]
[Annotator "NA RC"]
[PlyCount "67"]
[EventDate "2017.??.??"]
[EventType "team-tourn"]
[EventCountry "GER"]
[SourceTitle "playchess.com"]
[Source "ChessBase"]
[SourceQuality "1"]
[WhiteTeam "SK Lehrte"]
[BlackTeam "Hamburger SK"]
[TimeControl "40/6000+30:3000+30"]

1. e4 {[%emt 1:30:27]} c5 {[%emt 1:30:22]} 2. Nf3 {[%emt 1:30:22]} d6 {[%emt 1:30:35]} 3. d4 {[%emt 1:30:35]} cxd4 {[%emt 1:30:57]} 4. Nxd4 {[%emt 1:31:46]} Nf6 {[%emt 1:31:18]} 5. Nc3 {[%emt 1:32:11]} Nc6 {[%emt 1:31:38]} 6. Bg5 {[%emt 1:32:15]} e6 {[%emt 1:31:48]} 7. Qd2 {[%emt 1:30:15]} a6 {[%emt 1:30:15]} 8. O-O-O {[%emt 1:29:05]} Bd7 {[%emt 1:32:13]} 9. Kb1 {[%emt 1:27:19]} b5 {[%emt 1:31:04]} 10. f3 {[%emt 1:24:20] LiveBook: 55 Partien} Be7 {[%emt 1:30:02]} 11. h4 {[%emt 1:30:02] B67: Sicilian: Richter-Rauzer: 7...a6 8 0-0-0 Bd7, lines without 9 f4 Be7} h6 {[%emt 1:20:47]} 12. Be3 {[%emt 1:21:31]} Ne5 {[%emt 1:16:14]} 13. g4 $146 {[%emt 1:17:53]} (13. Bd3 Qc7 14. g4 b4 15. Nce2 Nxd3 16. cxd3 e5 17. Rc1 Qb7 18. Nf5 Bxf5 19. gxf5 {1-0 (42) Korneev,O (2638)-Markus,R (2586) Vrsac 2006}) 13... b4 {[%emt 1:13:26]} 14. Nce2 {[%emt 1:13:26]} Nc4 {[%emt 1:18:04]} 15. Qd3 {[%emt 1:18:06]} Bb5 {[%emt 0:53:52]} 16. Nxb5 {[%emt 1:16:11]} axb5 {[%emt 0:54:15]} 17. Nc1 {[%emt 1:06:40]} Nd7 {[%emt 0:46:01]} 18. Qb3 {[%emt 1:02:19]} Nxe3 $16 {[%emt 0:17:22]} (18... Qc7 $11) 19. Qxe3 {[%emt 0:17:22]} Qa5 {[%emt 1:02:42]} 20. f4 {[%emt 0:57:44]} Nc5 {[%emt 0:57:44]} 21. Bg2 {[%emt 0:50:54]} Ra7 {[%emt 0:13:16]} 22. e5 {[%emt 0:48:04]} d5 {[%emt 0:13:28]} 23. f5 {[%emt 0:46:37]} Nd7 {[%emt 0:46:37]} 24. g5 {[%emt 0:32:50]} Nb6 {[%emt 0:10:40]} 25. fxe6 {[%emt 0:29:19]} fxe6 {[%emt 0:10:19]} 26. Qh3 {[%emt 0:25:12]} hxg5 {[%emt 0:08:46]} 27. Qxe6 {[%emt 0:24:33]} gxh4 {[%emt 0:06:23]} 28. Qc6+ {[%emt 0:22:52]} Nd7 {[%emt 0:00:40]} 29. e6 {[%emt 0:21:01]} Rh6 {[%emt 0:00:50]} 30. Qc8+ {[%emt 0:16:34]} Bd8 {[%emt 0:16:34]} 31. exd7+ {[%emt 0:16:42]} Kf8 {[%emt 0:00:16]} 32. Qc5+ {[%emt 0:15:59]} Kg8 {[%emt 0:00:29]} 33. Qxd5+ {[%emt 0:16:29]} Kh8 {[%emt 0:16:29]} 34. Rde1 {[%emt 0:13:16]} 1-0

[Event "1.FrauenBL 2016-17"]
[Site "Berlin"]
[Date "2017.04.29"]
[Round "10.2"]
[White "Braun, Kristin"]
[Black "Muetsch, Annmarie"]
[Result "0-1"]
[WhiteElo "1860"]
[BlackElo "2108"]
[Annotator "TA"]
[PlyCount "100"]
[EventDate "2017.??.??"]
[EventType "team-tourn"]
[EventCountry "GER"]
[SourceTitle "playchess.com"]
[Source "ChessBase"]
[SourceQuality "1"]
[WhiteTeam "SG Augsburg"]
[BlackTeam "SK Schwäbisch Hall"]

{[%evp 17,100,-10,0,-28,-8,-6,26,10,27,12,27,27,50,0,-2,-10,21,21,35,-81,-95,-82,-8,0,0,-142,-131,-197,-190,-177,-188,-186,-179,-188,-179,-218,-220,-218,-218,-389,-392,-496,-279,-274,-272,-260,-250,-415,-291,-410,-361,-354,-350,-752,-699,-866,-970,-914,-1085,-939,-919,-850,-798,-845,-777,-709,-716,-819,-785,-1539,-1142,-5716,-5716,-4802,-1103,-29973,-29974,-29974,-29975,-29977,-29974,-29986,-29976,-29987,-29988]} 1. e4 c5 2. Nc3 Nc6 3. d3 d6 4. f4 g6 5. Nf3 Bg7 6. Be3 Nd4 7. g3 e6 8. Bg2 Ne7 9. O-O O-O {LiveBook: 883 Games} 10. a3 {B25: Closed Sicilian: 3 g3, lines without early Be3} ({Relevant:} 10. Qd2 Rb8 11. Nd1 b5 12. c3 Nxf3+ 13. Bxf3 b4 14. c4 Nc6 15. Bg2 Nd4 16. Bf2 a5 17. Ne3 {½-½ (17) Guseinov,G (2623)-Zhigalko,S (2656) Nakhchivan 2013}) 10... a6 11. Rb1 Nec6 12. Ne2 {White has an edge.} Bd7 $146 {[%cal Bc8d7,Bd7b5,Bb5d3][%mdl 32]} ({Predecessor:} 12... Nxe2+ 13. Qxe2 Qe7 14. Qf2 b6 15. g4 f5 16. exf5 exf5 17. gxf5 Bxf5 {½-½ (37) Gahr,M-Liess,M Germany 2001}) 13. c3 Nxe2+ 14. Qxe2 b6 15. d4 ({White should try} 15. e5 $14) 15... cxd4 $11 16. cxd4 Na5 17. Rfc1 Bb5 18. Qf2 (18. Qd1 $14 {keeps the upper hand.}) 18... Bd3 $17 19. d5 Rb8 (19... Bxb1 $17 20. Rxb1 (20. Bxb6 Qb8 21. Rxb1 Nc4 $17) 20... Nc4 21. dxe6 fxe6) 20. dxe6 $11 fxe6 21. Bd4 {[#]} (21. Bh3 $11) 21... e5 $1 $36 {[%mdl 2048] Black is really pushing.} 22. fxe5 (22. Be3 $17 {was called for.}) 22... dxe5 $19 ({Less strong is} 22... Bxe4 23. exd6 Qxd6 24. Bxg7 Kxg7 25. Rd1 $11 (25. Qd4+ Qxd4+ 26. Nxd4 Bxb1 27. Ne6+ Kh8 28. Nxf8 Bf5 $17)) 23. Bc3 Bxb1 24. Rxb1 Qd3 25. Re1 {[#]} Nc6 $1 26. Qe2 Qxe2 27. Rxe2 Rbd8 28. Nd2 $2 (28. Rd2) 28... Bh6 29. Bf1 Bxd2 (29... Nd4 $142 30. Nc4 Nxe2+ 31. Bxe2 b5) 30. Rxd2 Rxd2 31. Bxd2 {[%mdl 4096] Endgame KRN-KB} b5 32. a4 $2 (32. Kg2) 32... Nd4 33. Bc3 (33. Bb4 {was the only defense.} Rc8 34. axb5 axb5 35. Bc3) 33... Kg7 34. axb5 axb5 35. b3 $2 (35. Kg2) 35... Rc8 36. Bxd4 exd4 37. Bxb5 {KR-KB} Kf6 38. Bc4 Ke5 39. Kf2 Kxe4 40. Ke2 Ke5 41. h4 Ra8 42. Kf3 Ra1 43. Bd3 Re1 {aiming for ...Re3+.} 44. Bc4 Re3+ 45. Kf2 h6 (45... Ke4 $142 46. Be6 d3) 46. Bf7 g5 {Black mates.} 47. hxg5 hxg5 48. Bc4 Rc3 49. g4 Kf4 50. Be6 Re3 0-1

[Event "1.FrauenBL 2016-17"]
[Site "Berlin"]
[Date "2017.04.29"]
[Round "10.3"]
[White "Kosteniuk, Alexandra"]
[Black "Majdan-Gajewska, Joanna"]
[Result "1-0"]
[WhiteElo "2541"]
[BlackElo "2363"]
[Annotator "TA"]
[PlyCount "67"]
[EventDate "2017.??.??"]
[EventType "team-tourn"]
[EventCountry "GER"]
[SourceTitle "playchess.com"]
[Source "ChessBase"]
[SourceQuality "1"]
[WhiteTeam "OSG Baden-Baden"]
[BlackTeam "Rodewischer SM"]

{[%evp 23,67,-16,0,0,0,0,0,0,0,0,0,0,0,-6,0,0,0,0,0,0,0,0,0,0,0,0,0,0,0,0,0,0,0,0,0,0,0,-302,0,0,0,0,814,787,29993,29994]} 1. e4 c5 2. c3 Nf6 3. e5 Nd5 4. Nf3 e6 5. Bc4 d6 6. d4 cxd4 7. cxd4 Be7 8. O-O Nc6 9. Qe2 O-O 10. Nc3 Nxc3 11. bxc3 dxe5 12. dxe5 Qa5 13. a4 {B22: Sicilian: 2 c3} (13. Bd2 Rd8 14. Bd3 Qa4 15. Bb5 Qa5 16. Bd3 Qa4 17. Bb5 Qa5 18. Bd3 {½-½ (18) Mamedov,R (2642)-Grachev,B (2670) Moscow 2015}) 13... Rd8 14. Qe4 Qxc3 15. Bg5 {The position is equal.} Bxg5 16. Nxg5 h6 (16... Kf8 17. Nxh7+ Ke8 18. Ng5 $16) 17. Qh7+ $146 (17. Nf3 Nd4 18. Rac1 Nxf3+ 19. gxf3 Qd2 20. Rfd1 Qxd1+ 21. Rxd1 Rxd1+ {0-1 (31) Ramirez Maillo,J (1868)-Vega Gutierrez,S (2379) Las Palmas 2016}) 17... Kf8 18. Rad1 hxg5 (18... Qxc4 $2 19. Rxd8+ Nxd8 20. Rd1 $18) (18... Rxd1 19. Rxd1 hxg5 20. Bb5) 19. Rxd8+ Nxd8 20. Rd1 {Threatening mate with Qh8+.} Nc6 21. Bb5 $1 {[%cal Rb5c6]} Qb3 22. Qh5 $1 {[#] Bxc6 is the strong threat.} g4 $1 23. Qh8+ $1 (23. Qxg4 Bd7) 23... Ke7 24. Qh4+ f6 25. exf6+ gxf6 26. Qh7+ Kf8 27. Qh8+ Kf7 28. Qh7+ Kf8 29. Qh8+ $40 {[%mdl 128] White mounts an attack.} Kf7 30. Be2 $2 {[%mdl 8192] [#]} (30. Qh7+ $11 Ke8 31. Qg8+ Ke7 32. Qg7+ Ke8 33. Bxc6+ bxc6 34. Qh8+ Kf7 35. Qh7+ Ke8 36. Qh8+ Kf7 37. Qh7+ Ke8 38. Qh8+) 30... f5 $2 ({Weaker is} 30... Qxa4 31. Qh7+ Kf8 32. Qh8+ Kf7 33. Qh7+ Kf8 34. Qh8+ Kf7 $11) ({Not} 30... Qc2 $2 31. Bxg4 Qxd1+ 32. Bxd1 $18) (30... e5 $1 $19 {White must now prevent ...Nd4.} 31. Rc1 Ke7) 31. h4 $11 Qc2 32. Qh7+ Kf6 $2 {[%mdl 8192] [#]} (32... Kf8 $11 33. Qh8+ Kf7) 33. Bxg4 $1 $18 {[%mdl 512] White threatens Qh8+ and mate.} Ne7 (33... fxg4 34. Qxc2) 34. Qh8+ 1-0

[Event "1.FrauenBL 2016-17"]
[Site "Berlin"]
[Date "2017.04.29"]
[Round "10.3"]
[White "Heinatz, Gundula"]
[Black "Savina, Anastasia"]
[Result "1/2-1/2"]
[WhiteElo "2173"]
[BlackElo "2378"]
[Annotator "TA"]
[PlyCount "108"]
[EventDate "2017.??.??"]
[EventType "team-tourn"]
[EventCountry "GER"]
[SourceTitle "playchess.com"]
[Source "ChessBase"]
[SourceQuality "1"]
[WhiteTeam "Karlsruher SF"]
[BlackTeam "SC Bad Königshofen"]

{[%evp 12,108,26,-8,17,5,10,10,10,-33,-33,-54,0,-17,-19,-18,0,-27,-13,-21,-20,-23,-22,-52,-41,-45,0,-12,27,-9,40,35,62,44,88,19,127,103,145,77,82,39,108,135,132,41,60,12,3,7,102,108,105,109,109,109,116,56,53,0,31,14,14,0,0,0,0,0,0,0,0,0,0,0,0,0,0,0,0,0,0,0,0,0,0,0,0,0,0,0,0,0,0,0,0,0,0,0,0]} 1. d4 d6 2. Nf3 g6 3. g3 Bg7 4. Bg2 Nf6 5. O-O O-O 6. b3 a5 7. a4 {LiveBook: 74 Games} b6 {A49: 1 d4 Nf6 2 Nf3 g6 3 g3: Anti-King's Indian systems} 8. Nbd2 Bb7 9. Bb2 Qc8 $146 (9... Na6 10. Re1 d5 11. Ne5 c5 12. e3 e6 13. Rc1 Qe7 14. Qf3 Rfd8 15. Ndc4 {½-½ (96) Ris,R (2412)-Mareco,S (2625) Dubai 2016}) 10. c4 Na6 11. Rc1 Ne4 (11... Nd7 $15) 12. Nxe4 Bxe4 13. Qd2 e6 14. Qf4 f5 15. Bc3 Qe8 16. h4 h6 17. Ne1 Bxg2 18. Nxg2 Qe7 19. Qe3 g5 20. f4 {[%cal Rf4g5]} gxh4 21. Nxh4 {Hoping for Ng6.} Kh7 22. Kf2 Bf6 {[#]} 23. Nf3 ({White should try} 23. Rh1 $1 $16) 23... Rg8 (23... c5 $1 $11 {remains equal.}) 24. Rh1 $16 Rg6 {[#]} 25. Rh3 (25. Rh5 $142 $1) 25... Re8 26. Rch1 Nb4 (26... c5 $14) 27. Bxb4 axb4 28. Rd1 (28. d5 $16) 28... c5 $14 29. Qd3 (29. Rh5 $5 {looks sharper.} Qg7 30. dxc5 dxc5 31. Ne5 Bxe5 32. Qxe5 Rxg3 33. Qxg7+ Rxg7 34. Rd6) 29... cxd4 $1 30. Nxd4 {Strongly threatening Nc6.} Bxd4+ (30... d5 $1 $11) 31. Qxd4 $16 e5 32. fxe5 Qxe5 33. Qxe5 Rxe5 {[%mdl 4096] Endgame KRR-KRR} 34. Rd2 ({White should play} 34. e3 $16) 34... Rge6 $14 35. Rh1 (35. Rh4 $14) 35... Kg7 36. Rh4 Re3 {The position is equal.} 37. Rhd4 Rxb3 38. Rxd6 Kf6 39. Rd8 Ra3 40. Rf8+ Kg6 41. Rg8+ Kf7 42. Ra8 b3 {...Ra2 is the strong threat.} 43. Rd5 Ra2 44. Rxf5+ Kg6 45. Rb5 Raxe2+ (45... Rexe2+ $5 46. Kf3 $8 Rf2+ 47. Ke4 Rfe2+ 48. Kd4 Rad2+ 49. Kc3 b2 $11) 46. Kf3 R2e3+ 47. Kf2 Rc3 (47... Re2+ $5 48. Kf3 $8 R2e3+ 49. Kg2 Rc3 $11) 48. Rb8 Rc2+ 49. Kf3 Rf6+ 50. Ke3 Rxc4 51. Rxb3 Rxa4 52. R8xb6 Ra6 53. Rxa6 Rxa6 54. Kf3 Rf6+ 1/2-1/2

[Event "1.FrauenBL 2016-17"]
[Site "Berlin"]
[Date "2017.04.29"]
[Round "10.3"]
[White "Scognamiglio, Stefanie"]
[Black "Zschischang, Marine"]
[Result "1/2-1/2"]
[WhiteElo "2086"]
[BlackElo "2037"]
[Annotator "NA RC"]
[PlyCount "78"]
[EventDate "2017.??.??"]
[EventType "team-tourn"]
[EventCountry "GER"]
[SourceTitle "playchess.com"]
[Source "ChessBase"]
[SourceQuality "1"]
[WhiteTeam "Hamburger SK"]
[BlackTeam "SK Lehrte"]
[TimeControl "40/6000+30:3000+30"]

1. e4 {[%emt 1:30:27]} e6 {[%emt 1:30:23]} 2. d3 {[%emt 1:30:40]} c5 {[%emt 1:30:46]} 3. g3 {[%emt 1:31:00]} Nc6 {[%emt 1:31:02]} 4. Bg2 {[%emt 1:31:22]} g6 {[%emt 1:31:21]} 5. Ne2 {[%emt 1:29:54]} Bg7 {[%emt 1:31:22]} 6. c4 {[%emt 1:29:30]} e5 {[%emt 1:29:30]} 7. O-O {[%emt 1:29:28]} d6 {[%emt 1:29:14]} 8. h3 {[%emt 1:28:47]} h6 {[%emt 1:28:47]} 9. Nbc3 {[%emt 1:28:56]} Nge7 {[%emt 1:29:15]} 10. Nd5 {[%emt 1:18:02]} Nxd5 {[%emt 1:18:02]} 11. exd5 {[%emt 1:17:58]} Ne7 {[%emt 1:29:18]} 12. Bd2 {[%emt 1:29:18]} a5 {[%emt 1:21:52]} 13. Nc3 {[%emt 1:10:57]} Nf5 {[%emt 1:03:49]} 14. Kh2 {[%emt 1:02:37]} O-O {[%emt 0:56:33]} 15. Rb1 {[%emt 0:56:33]} Bd7 {[%emt 0:38:08]} 16. Ne4 {[%emt 0:54:33]} Ra6 {[%emt 0:36:33]} 17. f4 {[%emt 0:51:44]} exf4 $15 {[%emt 0:31:38]} 18. Bxf4 {[%emt 0:51:55]} g5 {[%emt 0:31:38]} 19. Bd2 {[%emt 0:43:48]} Nd4 {[%emt 0:20:12]} 20. Bc3 {[%emt 0:24:37]} f5 {[%emt 0:19:42]} 21. Nd2 {[%emt 0:22:03]} Be5 {[%emt 0:22:03]} 22. Nf3 {[%emt 0:13:13]} Nxf3+ {[%emt 0:03:51]} 23. Qxf3 {[%emt 0:13:14]} Ra8 {[%emt 0:01:56]} 24. Bxe5 {[%emt 0:07:59]} dxe5 {[%emt 0:02:25]} 25. a3 {[%emt 0:06:30]} b5 {[%emt 0:00:36]} 26. d6 {[%emt 0:06:07]} Qf6 {[%emt 0:00:49]} 27. Qd5+ {[%emt 0:06:04]} Kh8 {[%emt 0:00:22]} 28. Rbe1 {[%emt 0:03:33]} Rfe8 {[%emt 0:03:33]} 29. Qxc5 {[%emt 0:02:09]} Rac8 {[%emt 0:01:08]} 30. Qb6 {[%emt 0:02:30]} bxc4 {[%emt 0:01:24]} 31. dxc4 {[%emt 0:02:02]} Rxc4 {[%emt 0:01:52]} 32. Qxa5 {[%emt 0:02:08]} Qxd6 {[%emt 0:02:00]} 33. Rc1 {[%emt 0:01:34]} Rxc1 {[%emt 0:01:51]} 34. Rxc1 {[%emt 0:02:02]} f4 {[%emt 0:02:00]} 35. gxf4 {[%emt 0:00:49]} gxf4 {[%emt 0:01:37]} 36. Qc7 {[%emt 0:00:07]} Qd2 {[%emt 0:00:07]} 37. Rc2 {[%emt 0:00:36]} Qd3 {[%emt 0:01:42]} 38. Rc3 {[%emt 0:00:39]} Qd2 {[%emt 0:01:51]} 39. Rc2 {[%emt 0:00:58]} Qd3 {[%emt 0:01:58]} 1/2-1/2